000 01671nam a2200373Ia 4500
999 _c3882
_d3882
003 OSt
005 20200407182906.0
008 191128s2016 ck gr 000 0dspa d
020 _a9789587724745
_qObra completa
020 _a9789587724752
_qv.1
020 _a9789587724769
_qv.2
020 _a9789587724776
_qv.3
020 _a9789587724783
_qv.4
040 _aCO-JMCR
_cCO-JMCR
041 0 _aspa
082 0 4 _a323.04 /
_bB517j
_221
100 1 _aBernal Pulido, Carlos,
_eeditor
_92721
245 1 0 _aJusticia transicional :
_cCarlos Bernal Pulido, Gerardo Barbosa Castillo y Andrés Rolando Ciro Gómez, editores
250 _aPrimera edición
260 _aBogotá :
_bUniversidad Externado de Colombia : Ejercito Nacional de Colombia,
_c2016
300 _a4v. ;
_c21 cm.
490 0 _aEjército, institucionalidad y sociedad
504 _aIncluye bibliografía al final de algunos capítulos.
505 0 _gv.1
_tRetos teóricos
_gv.2
_tEl caso de Colombia
_gv.3
_tEl papel de las fuerzas armadas
_gv.4
_tVerdad y responsabilidad
520 _aUn ejercito capaz de generar desde su interior procesos de transformación autónomos es un ejército consciente de la trasecendencia de su función y comprometido con la efectividad de los postulados constitucionales.
650 1 4 _aJusticia transicional
_zColombia
_92722
650 1 4 _aAdministración de justicia
_92271
650 1 4 _aVerdad, justicia y reparación
_92723
650 1 4 _aPaz
_xaspectos jurídicos
_92724
650 1 4 _aResponsabilidad del estado
_92725
700 1 _aBarbosa Castillo, Gerardo,
_eeditor
_92726
700 1 _aCiro Gómez, Andrés Rolando,
_eeditor
_92727
942 _2ddc
_cBK